banner-ar

معجم المؤلفات السياسية / (Record no. 52281)

MARC details
000 -الفاتح
حقل البيانات ثابتة الطول 00612nam a2200205Ia 4500
008 - عناصر البيانات ثابتة الطول - معلومات عامة
حقل البيانات ثابتة الطول 140319s9999 xx 000 0 ara d
040 ## - مصدر الفهرسة
وكالة الفهرسة الأصلية GCL /
وكالة النسخ GCL
082 04 - رقم تصنيف ديوى العشرى
رقم التصنيف م
رقم المادة 320.03
-- ش م
100 1# - المدخل الرئيسى - إسم شخصى
الإسم الشخصى دوهاميل، اوليفية
245 10 - بيان العنوان
العنوان معجم المؤلفات السياسية /
بيان المسئوليه,etc دوهاميل، اوليفية
700 1# - المدخل الاضافى - اسم شخصى
الإسم الشخصى شاتلية، فرنسوا
700 1# - المدخل الاضافى - اسم شخصى
الإسم الشخصى بيزية، ايفلين
300 ## - الوصف المادى
التعداد 1236 ص
490 ## - بيان السلسلة
عنوان السلسلة
650 04 - المدخل الاضافى بالموضوع-مصطلح موضوعى
مصطلح موضوعي المعاجم
650 04 - المدخل الاضافى بالموضوع-مصطلح موضوعى
مصطلح موضوعي السياسة - معاجم
650 04 - المدخل الاضافى بالموضوع-مصطلح موضوعى
مصطلح موضوعي الكتب السياسية - معاجم
942 ## - عناصر المدخل الإضافي( كوها)
مصدر التصنيف او مخطط الترفيف Dewey Decimal Classification
Koha [default] item type كتاب
Holdings
حالة التراجع حالة الفقد حالة تلف ليس للاعارة المكان المؤقت الموقع الحالى تاريخ الاكتساب اجمالي اﻻعارات رقم الطلب الباركود تاريخ اخر مشاهدة تاريخ تفعيل السعر نوع وعاء كوها
        مكتبة القاهرة الكبرى مكتبة القاهرة الكبرى 03/26/2014   م\320.03\ش م 125128 03/26/2014 03/26/2014 كتاب

Powered By

EGPV